| 000 | 00689cam a22002052 4500 | ||
|---|---|---|---|
| 001 | 0000006944 | ||
| 005 | 20151021151110.0 | ||
| 008 | 071029s xx 000 0 eng d | ||
| 020 | _cKES 1000 | ||
| 040 |
_aKABU _cKABU |
||
| 110 | 2 |
_aStrathmore University. _bDistance Learning Centre. _@0000150769 |
|
| 245 | 1 | 0 |
_aBusiness finance : _bsubject no. 9 revision kit / _cStrathmore University. |
| 260 |
_aNairobi : _bStrathmore University Press, _c[2007] |
||
| 300 | _a270 p. | ||
| 650 | 0 |
_aBusiness enterprises _xFinance. _@0000152548 |
|
| 650 | 0 |
_aCorporations _xFinance. _@0000007704 |
|
| 908 | _a071029 | ||
| 950 | _@1 | ||
| 999 |
_c657 _d657 |
||